000 00820nam a2200229Ia 4500
008 191130s2002##################000#0#eng##
020 _a9780415936590
040 _aACL
_cACL
082 _a791.43658 SHA
100 _aShapiro, Jerome F
245 _aAtomic bomb cinema : the apocalyptic imagination on film
_cJerome F. Shapiro
260 _aNew York
_bRoutledge
_c2002
300 _ax, 386 p. : ill. ; 24 cm
500 _aIncludes bibliographical references (p. 351-357) and index. Filmography: p. 359-378
650 _aMotion pictures - Japan - History
650 _aMotion pictures - United States - History
650 _aNuclear warfare in motion pictures
650 _aScience fiction films - History and criticism
990 _aced2feb2ac10000c5075798a44874fb1
991 _a362768
999 _c375337
_d375337